[Event "Chess House IM 2017"]
[Site "Aarhus"]
[Date "2017.02.19"]
[Round "9.4"]
[White "Teplyi, Igor"]
[Black "Bjerre, Jonas Buhl"]
[Result "1/2-1/2"]
[WhiteElo "2448"]
[BlackElo "2355"]
[PlyCount "89"]
[EventDate "2017.02.??"]
[EventType "tourn"]
[EventRounds "9"]
[EventCountry "DEN"]
[WhiteClock "0:56:14"]
[BlackClock "0:26:31"]

1. Nf3 Nf6 2. c4 c5 3. Nc3 g6 4. g3 Bg7 5. Bg2 O-O 6. O-O Nc6 7. d4 cxd4 8.
Nxd4 Ng4 9. e3 d6 10. h3 Nxd4 11. exd4 Nh6 12. g4 f5 13. g5 Nf7 14. h4 e5 15.
dxe5 dxe5 16. Qxd8 Nxd8 17. Bd5+ Be6 18. Be3 Bxd5 19. Nxd5 Ne6 20. f3 Rfd8 21.
Rad1 Kf7 22. b3 b6 23. Bf2 Rac8 24. Rfe1 Rc6 25. Bg3 f4 26. Bf2 Rcd6 27. Kf1
Nc7 28. Nc3 Rxd1 29. Rxd1 Rxd1+ 30. Nxd1 Bf8 31. Nc3 Ke6 32. Ne4 Be7 33. Ke2
Ne8 34. a4 Nd6 35. Nc3 Bd8 36. a5 bxa5 37. Bxa7 Nf5 38. Bf2 h6 39. Ne4 hxg5 40.
hxg5 Ne7 41. Kd3 Nc6 42. c5 Kd5 43. Nc3+ Ke6 44. Ne4 Kd5 45. Nc3+ 1/2-1/2